000 00647nam a2200217 a 4500
005 20140310183501.0
008 100223s19uu xx 00 eng d
020 _a9780723433484
050 _aRC 440
_b.Oc43 2007
100 _aO'Carroll, Madeline
245 _aEssential mental health nursing skills /
_cMadeline O'Carroll, Alistair Park, Maggie Nicol.
260 _aLondon :
_bElsevier,
_c2007.
300 _a255 p. :
_bcol. ill. ;
_c26 cm.
521 _aNUR
650 _aPsychiatric nursing.
650 _aMental Disorders
_xnursing.
700 _aPark, Alistair
700 _aNicol, Maggie
942 _cBK
_2lcc
_kFOR
999 _c23910
_d23910